000 00605nam a2200205 i 4500
001 35994
003 ES-MaACL
005 20230906155252.0
007 t|
008 030214s1978 sp ||||1| spa d
100 1 _aBourdin, Jöel.
_930968
245 1 0 _aControl de gestión /
_cJöel Bourdin ; versión de Enrique Fernández Peña.
260 _aMadrid :
_bICE,
_c[1978]
300 _a169 p. :
_bil. ;
_c24 cm.
490 1 _aColección Temis
700 1 _aFernández Peña, Enrique.
_949986
830 0 _aColección Temis
_9229561
852 _aES-MaACL
_jL-120
_bR.100586
999 _c35994
_d35994